Måneskin - SUPERMODEL Lyrics - Statistics

General Stats
  • This quiz has been taken 281 times
  • The average score is 181 of 241
Answer Stats
Hint Answer % Correct
a
100%
A
100%
She
97%
she
97%
I
96%
supermodel
95%
her
92%
she's
91%
She's
91%
When
90%
when
90%
the
88%
The
88%
go
86%
in
86%
don't
85%
love
85%
and
84%
but
84%
to
84%
back
83%
is
83%
90s
82%
at
81%
Verse 1 | Verse 3 Alone
80%
parties
80%
uh
80%
you
80%
just
79%
boyfriend
77%
rock
77%
roll
76%
was
76%
cocaine
74%
that
74%
Cause
73%
Every
73%
every
73%
friend
73%
good
73%
high
73%
it
73%
loves
73%
My
73%
school
73%
about
71%
best
71%
Christian
71%
know
71%
let
71%
think
71%
new
70%
used
67%
Pre-chorus Yeah
67%
got
66%
Chorus Hey
66%
look
66%
never
66%
heartbreak
65%
takes
65%
with
65%
master
64%
money
63%
more
63%
night's
63%
wanna
63%
Verse 2 Way
63%
not
62%
She'll
62%
around
61%
deadly
61%
deal
61%
has
61%
than
61%
Mary
60%
queen
60%
your
60%
cigarettes
59%
compliments
58%
drag
58%
If
58%
on
58%
upset
58%
clock
57%
Virgin
57%
looking
56%
like
54%
you're
54%
moment
53%
stealing
53%
talks
53%
working
53%
deep
52%
for
52%
until
52%
silhouette
50%
dad
48%
named
48%
pay
48%
breaths
46%
OnlyFans
46%
confessions
45%
Low
42%
bit
41%
I'd
39%
pants
35%
Savor
33%
waisted
30%
Basquiat
28%
Maury
28%
No matching quizzes found
Score Distribution
Percent of People with Each Score
Percentile by Number Answered
Your Score History
You have not taken this quiz